Mea culpa : a sociology of apology and reconciliation

Saved in:
Bibliographic Details
Other Authors: Tavuchis, Nicholas 1934-
Format: Book
Language:English
Published: Sanford : Stanford University Press, c1991
Subjects:
Tags: Add Tag
No Tags, Be the first to tag this record!

MARC

LEADER 00000nam a2200000 i 4500
001 1/70794
008 990226s1991 eng d
020 |a 0-8047-2223-4 
035 |l 10048190 
040 |a GR-MY-UA  |b gre  |e aacr 
041 0 |a eng 
082 0 |a 302.1 
245 1 0 |a Mea culpa :  |b a sociology of apology and reconciliation /  |c Nicholas Tavuchis 
260 |a Sanford :   |b Stanford University Press,   |c c1991 
300 |a 165 p. 
504 |a Includes bibliographical references (p. [161]-165)  
650 0 0 |a Apologizing. 
650 0 0 |a Reconciliation. 
700 1 |a Tavuchis, Nicholas  |d 1934- 
852 |a INST  |b LESVOS  |e 19990226  |h 302.1 TAV  |p 005100016747  |q 005100016747  |t BK  |y 0 
901 |a BIBL-1999-1 
909 |a Λ  |b 061275 
922 |a 1ΕΛΗ  |b 199811  |c ΚΠΣ/ΤΚ  |d ΠΑΠΑΣΩΤΗΡΙΟΥ 
950 |a 103-1998-07-27